Les départements limitrophes 1 à 49 - Statistiques

Statistiques générales
  • Ce quiz a été pris 17 fois
  • Le résultat moyen est 85 sur 253
Statistiques - réponses
AIN % Correct
Alpes-de-Haute-Provence | 04
64%
Var | 83
64%
Aisne | 02
57%
Alpes-Maritimes | 06
57%
Aude | 11
57%
Cantal | 15
57%
Haute-Garonne | 31
57%
Drôme | 26
57%
Eure | 27
57%
Marne | 51
57%
Meuse | 55
57%
Pyrénées-Orientales | 66
57%
Var | 83
57%
Alpes-de-Haute-Provence | 04
50%
Ardennes | 08
50%
Bouches-du-Rhône | 13
50%
Corse-du-Sud | 2A
50%
Drôme | 26
50%
Drôme | 26
50%
Gard | 30
50%
Gard | 30
50%
Haute-Loire | 43
50%
Haute-Marne | 52
50%
Haute-Savoie | 74
50%
Hérault | 34
50%
Isère | 38
50%
Isère | 38
50%
Isère | 38
50%
Jura | 39
50%
Loire | 42
50%
Lot | 46
50%
Lozère | 48
50%
Lozère | 48
50%
Manche | 50
50%
Marne | 51
50%
Marne | 51
50%
Orne | 61
50%
Rhône | 69
50%
Saône-et-Loire | 71
50%
Savoie | 73
50%
Seine-Maritime | 76
50%
Tarn | 81
50%
Tarn-et-Garonne | 82
50%
Var | 83
50%
Vaucluse | 84
50%
Vaucluse | 84
50%
Vaucluse | 84
50%
Ariège | 09
43%
Cher | 18
43%
Côte-d'or | 21
43%
Creuse | 23
43%
Finistère | 29
43%
Haute-Corse | 2B
43%
Haute-Garonne | 31
43%
Hautes-Alpes | 05
43%
Hérault | 34
43%
Loire | 42
43%
Morbihan | 56
43%
Nièvre | 58
43%
Nord | 59
43%
Oise | 60
43%
Puy-de-Dôme | 63
43%
Pyrénées-Orientales | 66
43%
Saône-et-Loire | 71
43%
Savoie | 73
43%
Seine-et-Marne | 77
43%
Seine-et-Marne | 77
43%
Somme | 80
43%
Tarn | 81
43%
Yonne | 89
43%
Belfort | 90
36%
Charente | 16
36%
Côtes-d'Armor | 22
36%
Côtes-d'Armor | 22
36%
Deux-Sèvres | 79
36%
Charente-Maritime | 16
36%
Dordogne | 24
36%
Gard | 30
36%
Gironde | 33
36%
Haute-Saône | 70
36%
Ille-et-Vilaine | 35
36%
Ille-et-Vilaine | 35
36%
Ille-et-Vilaine | 35
36%
Indre | 36
36%
Indre-et-Loire | 37
36%
Jura | 39
36%
Loire-Atlantique | 44
36%
Loire-Atlantique | 44
36%
Loir-et-Cher | 41
36%
Maine-et-Loire | 49
36%
Maine-et-Loire | 49
36%
Maine-et-Loire | 49
36%
Manche | 50
36%
Mayenne | 53
36%
Mayenne | 53
36%
Morbihan | 56
36%
Morbihan | 56
36%
Morbihan | 56
36%
Sarthe | 72
36%
Sarthe | 72
36%
Vendée | 85
36%
Vendée | 85
36%
Vendée | 85
36%
Vienne | 86
36%
Ain | 01
29%
Ain | 01
29%
Allier | 03
29%
Allier | 03
29%
Alpes-de-Haute-Provence | 04
29%
Ardèche | 07
29%
Ardèche | 07
29%
Ardèche | 07
29%
Ardèche | 07
29%
Ariège | 09
29%
Aude | 11
29%
Aude | 11
29%
Aveyron | 12
29%
Aveyron | 12
29%
Bouches-du-Rhône | 13
29%
Calvados | 14
29%
Charente-Maritime | 17
29%
Cher | 18
29%
Cher | 18
29%
Cher | 18
29%
Cher | 18
29%
Corrèze | 19
29%
Côte-d'or | 21
29%
Creuse | 23
29%
Deux-Sèvres | 79
29%
Dordogne | 24
29%
Doubs | 25
29%
Drôme | 26
29%
Essonne | 91
29%
Essonne | 91
29%
Eure | 27
29%
Eure-et-Loir | 28
29%
Eure-et-Loir | 28
29%
Eure-et-Loir | 28
29%
Gard | 30
29%
Gers | 32
29%
Gers | 32
29%
Gironde | 33
29%
Haute-Garonne | 31
29%
Haute-Loire | 43
29%
Haute-Loire | 43
29%
Hautes-Alpes | 05
29%
Hautes-Alpes | 05
29%
Haute-Saône | 70
29%
Hautes-Pyrénées | 65
29%
Hautes-Pyrénées | 65
29%
Haute-Vienne | 87
29%
Haute-Vienne | 87
29%
Haute-Vienne | 87
29%
Hérault | 34
29%
Indre | 36
29%
Indre | 36
29%
Indre-et-Loir | 37
29%
Indre-et-Loire | 37
29%
Isère | 38
29%
Landes | 40
29%
Landes | 40
29%
Loire | 42
29%
Loire | 42
29%
Loiret | 45
29%
Loiret | 45
29%
Loir-et-Cher | 41
29%
Loir-et-Cher | 41
29%
Loir-et-Cher | 41
29%
Lot-et-Garonne | 47
29%
Lot-et-Garonne | 47
29%
Lot-et-Garonne | 47
29%
Lozère | 48
29%
Lozère | 48
29%
Nièvre | 58
29%
Oise | 60
29%
Puy-de-Dôme | 63
29%
Puy-de-Dôme | 63
29%
Puy-de-Dôme | 63
29%
Puy-de-Dôme | 63
29%
Pyrénées-Atlantiques | 64
29%
Pyrénées-Atlantiques | 64
29%
Rhône | 69
29%
Rhône | 69
29%
Saône-et-Loire | 71
29%
Saône-et-Loire | 71
29%
Sarthe | 72
29%
Sarthe | 72
29%
Savoie | 73
29%
Seine-et-Marne | 77
29%
Seine-Maritime | 76
29%
Tarn | 81
29%
Tarn | 81
29%
Tarn-et-Garonne | 82
29%
Tarn-et-Garonne | 82
29%
Vaucluse | 84
29%
Vaucluse | 84
29%
Vienne | 86
29%
Vienne | 86
29%
Vienne | 86
29%
Yonne | 89
29%
Yvelines | 78
29%
Yvelines | 78
29%
Allier | 03
21%
Ardèche | 07
21%
Aveyron | 12
21%
Aveyron | 12
21%
Cantal | 15
21%
Cantal | 15
21%
Charente | 16
21%
Charente-Maritime | 17
21%
Corrèze | 19
21%
Corrèze | 19
21%
Corrèze | 19
21%
Creuse | 23
21%
Deux-Sèvres | 79
21%
Dordogne | 24
21%
Dordogne | 24
21%
Dordogne | 24
21%
Dordogne | 24
21%
Gard | 30
21%
Gers | 32
21%
Gironde | 33
21%
Gironde | 33
21%
Haute-Loire | 43
21%
Haute-Marne | 52
21%
Haute-Saône | 70
21%
Haute-Vienne | 87
21%
Haute-Vienne | 87
21%
Indre | 36
21%
Isère | 368
21%
Jura | 39
21%
Landes | 40
21%
Loiret | 45
21%
Loir-et-Cher | 41
21%
Lot | 46
21%
Lot | 46
21%
Lot | 46
21%
Lot-et-Garonne | 47
21%
Lot-et-Garonne | 47
21%
Lozère | 48
21%
Nièvre | 58
21%
Orne | 61
21%
Orne | 61
21%
Puy-de-Dôme | 63
21%
Saône-et-Loire | 71
21%
Tarn-et-Garonne | 82
21%
Tarn-et-Garonne | 82
21%
Yonne | 89
21%
Aube | 10
14%
Cantal | 15
14%
Nièvre | 58
14%
Yonne | 89
14%
Cantal [ 15
0%
Aucun quiz correspondant
Distribution des résultats
% des personnes avec chaque résultat
Percentile par nombre de réponses
Votre historique - résultats
Vous n’avez pas pris ce quiz